000 00931nam a2200217Ia 4500
999 _c37585
_d37585
001 3556
003 GE_BSU
005 20190620142836.0
008 181216s||||||||xx |||||||||||||| ||und||
020 _a9789941412356
040 _cGE_BSU
041 _ageo
080 _a574(479.223)+821.353.1–92 დ–15
100 _aდავითაძე, მურმან
_92516
245 _aმთის ძახილი :
_bეკოლოგიურ-პუბლიცისტური ნარკვევები /
_cმურმან დავითაძე.
264 _a ბათუმი :
_bშოთა რუსთაველის სახელმწ. უნ-ტი,
_c2010.
300 _a276 გვ. ;
_b21 სმ.
653 _aაჭარის ეკოლოგია
710 _aბათუმის შოთა რუსთაველის სახ. უნ–ტი
_92653
942 _cBK
_2udc